Chanson à trous : Renaud - Mistral gagnant - Statistiques

Statistiques générales
  • Ce quiz a été pris 637 fois
  • Le résultat moyen est 11 sur 15
Statistiques - réponses
Couplets Mistral gagnant % Correct
3 Pis donner à bouffer à des {pigeons} {idiots} Leur filer des coups de pied pour de faux
93%
2 Te parler du bon temps, qui est mort ou qui reviendra En serrant dans ma main {tes} {petits} {doigts}
92%
1 À m'asseoir sur un banc, cinq minutes, avec toi Et regarder {les} {gens}, tant qu'y en a
90%
5 Te raconter un peu comment j'étais, {minot} Les bombecs fabuleux qu'on piquait chez l'marchand Car-en-sac et Minto, caramels à un franc Et les Mistral Gagnants
84%
7 Te raconter la Terre en te bouffant des yeux Te parler de {ta} {mère}, un petit peu
81%
8 Et sauter dans les flaques pour la faire râler Bousiller {nos} {godasses} et s'marrer
79%
13 Que si moi je suis barge, ce n'est que de tes yeux Car ils ont l'avantage {d}'{être} {deux}
79%
14 Et entendre ton rire s'envoler aussi haut Que s'envolent les cris des {oiseaux}
78%
9 Et entendre ton rire comme on {entend} {la} {mer} S'arrêter, repartir en arrière
72%
4 Et entendre ton rire qui {lézarde} {les} {murs} Qui sait surtout guérir mes blessures
72%
12 Te parler du bon temps, qui est mort et je m'en fous Te dire que {les} {méchants}, c'est pas nous
71%
15 Te raconter, enfin, qu'il faut aimer la vie L'aimer même si le temps est assassin et emporte avec lui Les {rires} {des} {enfants} Et les Mistral Gagnants
66%
10 Te raconter surtout les Carambars d'antan et les Coco Boers Et les vrais Roudoudous qui nous {coupaient} {les} {lèvres} Et nous niquaient les dents Et les Mistral Gagnants
54%
6 À remarcher {sous} {la} {pluie}, cinq minutes, avec toi Et regarder la vie, tant qu'y en a
49%
11 À m'asseoir sur un banc, cinq minutes, avec toi Regarder {le} {soleil} qui s'en va
46%
Aucun quiz correspondant
Distribution des résultats
% des personnes avec chaque résultat
Percentile par nombre de réponses
Votre historique - résultats
Vous n’avez pas pris ce quiz